"Обединени" щати в САЩ - Statistics

General Stats
  • This quiz has been taken 18 times
  • The average score is 10 of 12
Answers on the Map
Answers color-coded by a green-red scale on the quiz's map according to % correct below.
 
Answer Stats
Group Name щат % Correct
обединени щати Айдахо
100%
обединени щати Вашингтон
100%
обединени щати Орегон
100%
обединени щати Аризона
100%
обединени щати Калифорния
100%
обединени щати Аризона
100%
обединени щати Невада
100%
обединени щати Невада
100%
обединени щати Юта
100%
обединени щати Монтана
100%
обединени щати Уайоминг
100%
обединени щати Монтана
100%
обединени щати Северна Дакота
100%
обединени щати Колорадо
100%
обединени щати Юта
100%
обединени щати Ню Мексико
100%
обединени щати Тексас
100%
обединени щати Колорадо
100%
обединени щати Луизиана
100%
обединени щати Тексас
100%
обединени щати Канзас
100%
обединени щати Оклахома
100%
обединени щати Арканзас
100%
обединени щати Оклахома
100%
обединени щати Канзас
100%
обединени щати Канзас
100%
обединени щати Мисури
100%
обединени щати Минесота
100%
обединени щати Южна Дакота
100%
обединени щати Илинойс
100%
обединени щати Луизиана
100%
обединени щати Мисисипи
100%
обединени щати Арканзас
100%
обединени щати Мисисипи
100%
обединени щати Алабама
100%
обединени щати Мисисипи
100%
обединени щати Алабама
100%
обединени щати Флорида
100%
обединени щати Алабама
100%
обединени щати Тенеси
100%
обединени щати Джорджия
100%
обединени щати Южна Каролина
100%
обединени щати Северна Каролина
100%
обединени щати Южна Каролина
100%
обединени щати Северна Каролина
100%
обединени щати Вирджиния
100%
обединени щати Кентъки
100%
обединени щати Охайо
100%
обединени щати Илинойс
100%
обединени щати Индиана
100%
обединени щати Охайо
100%
обединени щати Мичиган
100%
обединени щати Охайо
100%
обединени щати Индиана
100%
обединени щати Мичиган
100%
обединени щати Кентъки
100%
обединени щати Западна Вирджиния
100%
обединени щати Пенсилвания
100%
обединени щати Западна Вирджиния
100%
обединени щати Кънектикът
100%
обединени щати Ню Йорк
100%
обединени щати Ню Хампшър
100%
обединени щати Вермонт
100%
обединени щати Масачузетс
100%
обединени щати Невада
67%
обединени щати Орегон
67%
обединени щати Калифорния
50%
обединени щати Мичиган
50%
обединени щати Уисконсин
50%
обединени щати Индиана
50%
обединени щати Вирджиния
50%
обединени щати Западна Вирджиния
50%
обединени щати Роуд Айлънд
50%
обединени щати Орегон
0%
обединени щати Вашингтон
0%
обединени щати Айдахо
0%
обединени щати Орегон
0%
обединени щати Калифорния
0%
обединени щати Невада
0%
обединени щати Айдахо
0%
обединени щати Невада
0%
обединени щати Аризона
0%
обединени щати Ню Мексико
0%
обединени щати Аризона
0%
обединени щати Юта
0%
обединени щати Айдахо
0%
обединени щати Монтана
0%
обединени щати Айдахо
0%
обединени щати Уайоминг
0%
обединени щати Айдахо
0%
обединени щати Юта
0%
обединени щати Южна Дакота
0%
обединени щати Уайоминг
0%
обединени щати Колорадо
0%
обединени щати Уайоминг
0%
обединени щати Юта
0%
обединени щати Уайоминг
0%
обединени щати Небраска
0%
обединени щати Уайоминг
0%
обединени щати Колорадо
0%
обединени щати Ню Мексико
0%
обединени щати Небраска
0%
обединени щати Колорадо
0%
обединени щати Канзас
0%
обединени щати Оклахома
0%
обединени щати Тексас
0%
обединени щати Небраска
0%
обединени щати Небраска
0%
обединени щати Южна Дакота
0%
обединени щати Айова
0%
обединени щати Небраска
0%
обединени щати Минесота
0%
обединени щати Северна Дакота
0%
обединени щати Северна Дакота
0%
обединени щати Южна Дакота
0%
обединени щати Айова
0%
обединени щати Минесота
0%
обединени щати Айова
0%
обединени щати Мисури
0%
обединени щати Арканзас
0%
обединени щати Мисури
0%
обединени щати Арканзас
0%
обединени щати Луизиана
0%
обединени щати Минесота
0%
обединени щати Уисконсин
0%
обединени щати Илинойс
0%
обединени щати Уисконсин
0%
обединени щати Айова
0%
обединени щати Илинойс
0%
обединени щати Мисури
0%
обединени щати Мисисипи
0%
обединени щати Тенеси
0%
обединени щати Арканзас
0%
обединени щати Тенеси
0%
обединени щати Флорида
0%
обединени щати Джорджия
0%
обединени щати Алабама
0%
обединени щати Джорджия
0%
обединени щати Северна Каролина
0%
обединени щати Тенеси
0%
обединени щати Кентъки
0%
обединени щати Тенеси
0%
обединени щати Илинойс
0%
обединени щати Кентъки
0%
обединени щати Индиана
0%
обединени щати Кентъки
0%
обединени щати Охайо
0%
обединени щати Западна Вирджиния
0%
обединени щати Охайо
0%
обединени щати Пенсилвания
0%
обединени щати Мериланд
0%
обединени щати Пенсилвания
0%
обединени щати Делауер
0%
обединени щати Мериланд
0%
обединени щати Ню Джърси
0%
обединени щати Пенсилвания
0%
обединени щати Ню Йорк
0%
обединени щати Пенсилвания
0%
обединени щати Ню Джърси
0%
обединени щати Ню Йорк
0%
обединени щати Масачузетс
0%
обединени щати Ню Йорк
0%
обединени щати Ню Йорк
0%
обединени щати Вермонт
0%
обединени щати Кънектикът
0%
обединени щати Кънектикът
0%
обединени щати Масачузетс
0%
обединени щати Масачузетс
0%
обединени щати Роуд Айлънд
0%
обединени щати Масачузетс
0%
обединени щати Вермонт
0%
обединени щати Ню Хампшър
0%
обединени щати Мейн
0%
обединени щати Ню Хампшър
0%
No matching quizzes found
Score Distribution
Percent of People with Each Score
Percentile by Number Answered
Your Score History
You have not taken this quiz